Normal view
MARC view
- Desarrollo rural
Entry Materia
001 - NÚMERO DE CONTROL DEL REGISTRO
- campo de control: 12457
003 - IDENTIFICADOR DE NUMERO DE CONTROL
- campo de control: UPN
005 - FECHA Y HORA DE LA ÚLTIMA TRANSACCIÓN
- campo de control: 20240213101917.0
008 - DATOS DE LONGITUD FIJA
- campo de control de longitud fija: nabaccnnaabn|||||||||| b |nc|||||d
035 ## - NÚMERO DE CONTROL DEL SISTEMA
- Número de control del sistema: UPN10000012464
040 ## - FUENTE DE LA CATALOGACIÓN
- Lengua de catalogación: SPA
- Agencia de transcripción: UPN
- Centro catalogador de origen: MX-MxUPN
150 ## - ENCABEZAMIENTO - TEMÁTICO
- Término de materia o nombre geográfico como elemento inicial: Desarrollo rural
450 ## - VÉASE - MATERIA
- Encabezamiento temático: Desarrollo rural integrado
670 ## - FUENTE EN LA QUE SE LOCALIZARON DATOS
- Cita de la fuente: A
680 ## - NOTA GENERAL CON DESPLIEGUE PÚBLICO
- Texto explicativo: Usase para trabajos sobre el desarrollo básico de zonas rurales en países en desarrollo o en regiones atrasadas de países avanzados que hacen énfasis en el mejoramiento del nivel de vida y en la participación activa de la población local en programas comunitarios
902 ## - CATALOGADOR
- Catalogador: CAA/280105
